000 00740nam a22002417a 4500
003 UA-OsUOA
001 111530
007 ta
008 20150525b un ||||| |||| 00| 0 ukr d
100 _aРейда Р.М.
700 _aГейко А.В.
700 _aСапєгін С.В.
090 _a902
_bР35
942 _cSA
040 _aUA-OsUOA
_bukr
_cUA-OsUOA
_dUA-OsUOA
245 _a"Потойбічний бенкет": набори глеків у похованнях черняхівської кульутри
300 _aС.30-39
955 _a0
041 _aukr
080 _a902
773 0 _w111526
_tАрхеологія
_dК.
_d2015
_g1
650 7 _a9 Географія. Біографії. Історія
_2UDC
999 _c397642
_d397642